Handbook of Hydraulics : (Record no. 32138)
[ view plain ]
| 000 -LEADER | |
|---|---|
| fixed length control field | 01101fam a2200361 a 4500 |
| 001 - CONTROL NUMBER | |
| control field | 1854010 |
| 003 - CONTROL NUMBER IDENTIFIER | |
| control field | OSt |
| 005 - DATE AND TIME OF LATEST TRANSACTION | |
| control field | 20210811115401.0 |
| 008 - FIXED-LENGTH DATA ELEMENTS--GENERAL INFORMATION | |
| fixed length control field | 951012s1996 nyua 000 0 eng |
| 010 ## - LIBRARY OF CONGRESS CONTROL NUMBER | |
| LC control number | 95045662 |
| 020 ## - INTERNATIONAL STANDARD BOOK NUMBER | |
| International Standard Book Number | 0070072477 |
| 035 ## - SYSTEM CONTROL NUMBER | |
| System control number | (OCoLC)33358221 |
| 035 ## - SYSTEM CONTROL NUMBER | |
| System control number | (OCoLC)ocm33358221 |
| 035 ## - SYSTEM CONTROL NUMBER | |
| System control number | (NNC)1854010 |
| 038 ## - RECORD CONTENT LICENSOR | |
| Staff Name | khadija |
| 040 ## - CATALOGING SOURCE | |
| Original cataloging agency | DLC |
| Transcribing agency | DLC |
| Modifying agency | DLC |
| 050 00 - LIBRARY OF CONGRESS CALL NUMBER | |
| Classification number | TC160 |
| Item number | .B9123 1996 |
| 082 00 - DEWEY DECIMAL CLASSIFICATION NUMBER | |
| Classification number | 627 |
| Edition number | 20 |
| Author Mark | HAN |
| 100 1# - MAIN ENTRY--PERSONAL NAME | |
| Personal name | Brater, Ernest F. |
| Fuller form of name | (Ernest Frederick), |
| Dates associated with a name | 1912-2003. |
| 9 (RLIN) | 81399 |
| 245 10 - TITLE STATEMENT | |
| Title | Handbook of Hydraulics : |
| Remainder of title | for the solution of hydraulic engineering problems\ |
| Statement of responsibility, etc. | Ernest F. Brater, Horace Williams King ; |
| 250 ## - EDITION STATEMENT | |
| Edition statement | 7th ed. |
| 260 ## - PUBLICATION, DISTRIBUTION, ETC. | |
| Place of publication, distribution, etc. | New York : |
| Name of publisher, distributor, etc. | McGraw-Hill, |
| Date of publication, distribution, etc. | c1996. |
| 300 ## - PHYSICAL DESCRIPTION | |
| Extent | 1 v. (various pagings) : |
| Other physical details | ill. ; |
| Dimensions | 20 cm. |
| 563 ## - BINDING INFORMATION | |
| Binding note | hard cover |
| 650 #0 - SUBJECT ADDED ENTRY--TOPICAL TERM | |
| Topical term or geographic name entry element | Hydraulics. |
| 650 #0 - SUBJECT ADDED ENTRY--TOPICAL TERM | |
| Topical term or geographic name entry element | Hydraulic engineering. |
| 9 (RLIN) | 3526 |
| 650 #0 - SUBJECT ADDED ENTRY--TOPICAL TERM | |
| Topical term or geographic name entry element | Metric system. |
| 9 (RLIN) | 81400 |
| 700 1# - ADDED ENTRY--PERSONAL NAME | |
| Personal name | King, Horace Williams, |
| Dates associated with a name | 1874-1951. |
| 9 (RLIN) | 81401 |
| 700 1# - ADDED ENTRY--PERSONAL NAME | |
| Personal name | Lindell, James E. |
| 9 (RLIN) | 81402 |
| 700 1# - ADDED ENTRY--PERSONAL NAME | |
| Personal name | Wei, C. Y. |
| 9 (RLIN) | 81403 |
| 942 ## - ADDED ENTRY ELEMENTS (KOHA) | |
| Source of classification or shelving scheme | |
| Koha item type | Book |
| Withdrawn status | Lost status | Source of classification or shelving scheme | Damaged status | Not for loan | Permanent Location | Current Location | Shelving location | Date acquired | Full call number | Barcode | Date last seen | Price effective from | Koha item type | Public note |
|---|---|---|---|---|---|---|---|---|---|---|---|---|---|---|
| School of Mechanical & Manufacturing Engineering (SMME) | School of Mechanical & Manufacturing Engineering (SMME) | Reference | 07/27/2015 | 627 HAN | SMME-842 | 03/27/2018 | 07/27/2015 | Book | Rack,11-Shelf,3 |
